[Event "Euro Online U2300 Day 2"]
[Site "chess.com INT"]
[Date "2020.05.26"]
[Round "6"]
[White "Jeszenszky, Jozsef"]
[Black "Krallis, Christos"]
[Result "1-0"]
[WhiteElo "2099"]
[BlackElo "2284"]
[WhiteFideId "753564"]
[BlackFideId "4298896"]
[EventDate "2020.05.26"]

1. d4 Nf6 2. c4 e6 3. Nc3 Bb4 4. e3 b6 5. Bd2 Bb7 6. Nf3 O-O 7. Bd3 d6 8. O-O
Nbd7 9. a3 Bxc3 10. Bxc3 Qe7 11. b4 e5 12. Nd2 Rfe8 13. Qc2 e4 14. Be2 c6 15.
Rfc1 d5 16. c5 bxc5 17. bxc5 Nf8 18. Rcb1 h5 19. Rb2 h4 20. h3 g5 21. Rab1 Bc8
22. Qa4 Qe6 23. Qd1 N8h7 24. Rb8 Bd7 25. R8b7 Bc8 26. Rc7 Re7 27. Ba5 Bd7 28.
Rbb7 Ne8 29. Rb4 Nxc7 30. Bxc7 f5 31. Be5 g4 32. hxg4 fxg4 33. Nxe4 Qg6 34. Nd6
Ng5 35. Bxg4 Rf8 36. Bxd7 Rxd7 37. Qg4 Re7 38. f4 h3 39. Qxg5 Qxg5 40. fxg5 Kh7
41. gxh3 Kg6 42. Bf4 Rh8 43. Kg2 Reh7 44. Rb7 Rxb7 45. Nxb7 Kf5 46. Kg3 Ke4 47.
h4 a5 48. Nxa5 Ra8 49. Nxc6 Rxa3 50. Ne5 Ra1 51. Kg4 Rg1+ 52. Bg3 Kxe3 53. g6
Ke4 54. g7 1-0

[Event "Euro Online U2300 Day 2"]
[Site "chess.com INT"]
[Date "2020.05.26"]
[Round "6"]
[White "Kiremitciyan, Ari"]
[Black "Goltseva, Ekaterina"]
[Result "0-1"]
[WhiteTitle "FM"]
[BlackTitle "FM"]
[WhiteElo "2281"]
[BlackElo "2306"]
[WhiteFideId "6373445"]
[BlackFideId "24173770"]
[EventDate "2020.05.26"]

1. d4 Nf6 2. c4 e6 3. Nf3 d5 4. Nc3 dxc4 5. e4 b5 6. e5 Nd5 7. Nxb5 Nb6 8. Be2
Be7 9. O-O Bb7 10. Nc3 Nc6 11. Qd2 Qd7 12. Rd1 Nb4 13. a3 N4d5 14. Ne4 Qc6 15.
Qc2 h6 16. Bf1 Nb4 17. axb4 Qxe4 18. Qxe4 Bxe4 19. b5 c6 20. bxc6 Bxc6 21. Be3
O-O 22. Nd2 Bd5 23. Ra6 Rfc8 24. Rda1 Rc7 25. Nb1 Nc8 26. Nc3 Rb8 27. Nxd5 exd5
28. R1a2 Rcb7 29. Bc1 Bd8 30. g3 Bb6 31. Be3 Ne7 32. Bg2 Rd7 33. Bh3 Rdd8 34. e6
Nc6 35. exf7+ Kxf7 36. Bg2 Nb4 37. Rxa7+ Bxa7 38. Rxa7+ Kg6 39. Bf4 Ra8 40. Rb7
Ra1+ 41. Bf1 Nd3 42. Be3 Rb1 43. Kg2 Ne1+ 44. Kh3 c3 45. Rb6+ Kh7 46. Bf4 Rxb2 0-1

[Event "Euro Online U2300 Day 2"]
[Site "chess.com INT"]
[Date "2020.05.26"]
[Round "6"]
[White "Averyanov, Grigori"]
[Black "Mammadov, Sadig"]
[Result "1-0"]
[BlackTitle "FM"]
[WhiteElo "2274"]
[BlackElo "2237"]
[WhiteFideId "44150288"]
[BlackFideId "13408712"]
[EventDate "2020.05.26"]

1. d4 Nf6 2. c4 g6 3. Nc3 Bg7 4. e4 d6 5. Nf3 O-O 6. Be2 e5 7. O-O Nc6 8. d5 Ne7
9. Ne1 Nd7 10. Be3 f5 11. f3 Rf7 12. a4 f4 13. Bf2 g5 14. a5 Ng6 15. Nb5 a6 16.
Na7 Rxa7 17. Bxa7 h5 18. Bf2 Bf8 19. Nd3 Rg7 20. Kh1 Nf6 21. c5 g4 22. cxd6 Bxd6
23. Qe1 Ne8 24. Rc1 Qg5 25. Qd2 Nh4 26. Rg1 Ng6 27. Nc5 Nf8 28. Ne6 Nxe6 29.
dxe6 Bxe6 30. Bc4 Bxc4 31. Rxc4 Nf6 32. Rcc1 Kh8 33. b4 h4 34. Bc5 Bxc5 35. bxc5
h3 36. gxh3 g3 37. hxg3 Rh7 38. Qd8+ Kg7 39. h4 fxg3 40. Qe7+ Kg8 41. Qxh7+ 1-0

[Event "Euro Online U2300 Day 2"]
[Site "chess.com INT"]
[Date "2020.05.26"]
[Round "6"]
[White "Samadov, Read"]
[Black "Musovic, Armin"]
[Result "1-0"]
[WhiteTitle "CM"]
[BlackTitle "FM"]
[WhiteElo "2332"]
[BlackElo "2219"]
[WhiteFideId "13417444"]
[BlackFideId "939935"]
[EventDate "2020.05.26"]

1. d4 d5 2. c4 c5 3. cxd5 e6 4. Nf3 exd5 5. Nc3 Nc6 6. g3 h6 7. Bg2 Nf6 8. O-O
Be7 9. Be3 c4 10. Ne5 O-O 11. b3 Bb4 12. Rc1 Ba3 13. Rb1 Bf5 14. bxc4 Bxb1 15.
Qxb1 dxc4 16. Nxc6 bxc6 17. Bxc6 Rb8 18. Qf5 Bb2 19. Ne4 Nxe4 20. Bxe4 g6 21.
Qc5 Rc8 22. Qxa7 Re8 23. Bc2 Qd5 24. Qb6 Rb8 25. Qf6 Re6 26. Qf4 Rbe8 27. Rb1
Rb6 28. Qxh6 c3 29. h4 Rbe6 30. Rd1 Qxa2 31. d5 Rxe3 32. fxe3 Qa7 33. Kf2 Ba3
34. d6 Bc5 35. d7 Bxe3+ 36. Kf3 Qb7+ 37. Kg4 Rd8 38. Qxe3 Qc6 39. Qe7 Rxd7 40.
Qxd7 Qg2 41. Qe8+ Kg7 42. Qe5+ Kh6 43. Qh8# 1-0

[Event "Euro Online U2300 Day 2"]
[Site "chess.com INT"]
[Date "2020.05.26"]
[Round "6"]
[White "Jafarli, Babak"]
[Black "Ozenir, Ekin Baris"]
[Result "1-0"]
[BlackTitle "IM"]
[WhiteElo "2020"]
[BlackElo "2309"]
[WhiteFideId "13406019"]
[BlackFideId "6357415"]
[EventDate "2020.05.26"]

1. e4 Nc6 2. Nf3 d6 3. d4 Nf6 4. Nc3 g6 5. Bg5 h6 6. Bf4 Bg7 7. d5 e5 8. dxe6
Bxe6 9. Qd2 g5 10. Bg3 Nh5 11. O-O-O O-O 12. Bb5 a6 13. Bxc6 bxc6 14. h4 g4 15.
Nd4 Nxg3 16. fxg3 c5 17. Nf5 Bxf5 18. exf5 Rb8 19. Rhf1 Qf6 20. Qd3 h5 21. Rde1
Rb4 22. a3 Rb6 23. Nd5 Qxb2+ 24. Kd2 c4 25. Qe4 Rb5 26. Re3 Bh6 27. Rf4 Qe5 28.
Qxe5 dxe5 29. Nf6+ Kh8 30. Rxc4 Rd8+ 31. Ke2 Bxe3 32. Kxe3 Rb6 33. Ne4 Rd7 34.
a4 Kg7 35. Rc5 f6 36. a5 Rb1 37. Ke2 Rb5 38. Rc6 Rxa5 39. Nxf6 Rf7 40. Nxh5+ Kf8
41. Nf6 e4 42. Nxg4 Rfxf5 43. Nf6 Ke7 44. Nxe4 Kd7 45. Rc4 Ra1 46. g4 Re5 47. g5
a5 48. g6 Ke6 49. h5 a4 50. h6 a3 51. g7 Kf7 52. Rxc7+ Kg8 53. Rc8+ 1-0

[Event "Euro Online U2300 Day 2"]
[Site "chess.com INT"]
[Date "2020.05.26"]
[Round "6"]
[White "Suleymanli, Aydin"]
[Black "Ivic, Velimir"]
[Result "1/2-1/2"]
[WhiteTitle "IM"]
[BlackTitle "GM"]
[WhiteElo "2512"]
[BlackElo "2548"]
[WhiteFideId "13413937"]
[BlackFideId "950122"]
[EventDate "2020.05.26"]

1. d4 Nf6 2. c4 g6 3. Nc3 Bg7 4. e4 d6 5. f4 O-O 6. Nf3 c5 7. d5 e6 8. Be2 exd5
9. cxd5 Bg4 10. O-O Bxf3 11. Bxf3 Nbd7 12. Be3 Re8 13. g4 h6 14. a4 Qa5 15. Re1
c4 16. Kg2 Nc5 17. Bxc5 Qxc5 18. e5 dxe5 19. fxe5 Nd7 20. e6 Ne5 21. Be4 fxe6
22. dxe6 Rad8 23. Bd5 Kh8 24. Rxe5 Bxe5 25. Qd2 Kh7 26. Rd1 Bxc3 27. Qxc3 Rxd5
28. Qf3 Rxe6 29. Rxd5 Qe7 30. Rd2 Re3 31. Qd5 Re2+ 32. Rxe2 Qxe2+ 33. Kg1 Qe1+
34. Kg2 Qe2+ 35. Kg1 Qxg4+ 36. Kh1 Qc8 37. Qf7+ Kh8 38. Qf6+ Kh7 39. Qf7+ Kh8
40. Qf6+ Kh7 41. Qf7+ 1/2-1/2

[Event "Euro Online U2300 Day 2"]
[Site "chess.com INT"]
[Date "2020.05.26"]
[Round "6"]
[White "Manukyan, Sargis A."]
[Black "Basa, Manasvita"]
[Result "1-0"]
[WhiteTitle "FM"]
[WhiteElo "2244"]
[BlackElo "1711"]
[WhiteFideId "13303970"]
[BlackFideId "1060228"]
[EventDate "2020.05.26"]

1. d4 d5 2. c4 e6 3. Nc3 Be7 4. Nf3 Nf6 5. Bg5 h6 6. Bh4 O-O 7. e3 a6 8. cxd5
exd5 9. Bd3 Be6 10. O-O Nbd7 11. Ne5 Nxe5 12. dxe5 Nd7 13. Bxe7 Qxe7 14. f4 f5
15. Be2 Nc5 16. Nxd5 Qd7 17. Nc3 Rad8 18. Qxd7 Rxd7 19. Rfd1 Rfd8 20. Rxd7 Rxd7
21. Rd1 Rxd1+ 22. Bxd1 Nd3 23. b3 c5 24. Be2 Nc1 25. Bc4 Bxc4 26. bxc4 Nd3 27.
Nd5 b5 28. cxb5 axb5 29. Kf1 Kf7 30. e6+ Kxe6 31. Nc7+ Kd6 32. Nxb5+ Kd5 33. a4
Nb2 34. a5 Kc6 35. a6 Kb6 36. a7 Kb7 37. Nd6+ Kxa7 38. Nxf5 Nd1 39. Ke1 Nc3 40.
Nxg7 Kb7 41. Kd2 Ne4+ 42. Kd3 Nf6 43. Kc4 Kc6 44. Ne6 Ng4 45. Nxc5 Nxe3+ 46. Kd4
Nf1 47. h3 Ng3 48. Ne4 Ne2+ 49. Ke5 Kd7 50. g4 Ke7 51. h4 Kf7 52. g5 Kg6 53. f5+
Kf7 54. g6+ Kg7 55. h5 Ng1 56. f6+ Kf8 57. f7 Nf3+ 58. Kf6 Ne5 59. g7# 1-0

[Event "Euro Online U2300 Day 2"]
[Site "chess.com INT"]
[Date "2020.05.26"]
[Round "6"]
[White "Golubenko, Valentina"]
[Black "Radosevic, Nenad"]
[Result "0-1"]
[WhiteTitle "WGM"]
[WhiteElo "2209"]
[BlackElo "2157"]
[WhiteFideId "4501993"]
[BlackFideId "906395"]
[EventDate "2020.05.26"]

1. d4 Nf6 2. c4 g6 3. Nc3 Bg7 4. e4 d6 5. Nf3 O-O 6. Be2 e5 7. O-O Nc6 8. d5 Ne7
9. b4 a5 10. Ba3 axb4 11. Bxb4 Nd7 12. a4 b6 13. a5 bxa5 14. Bxa5 Ba6 15. Nb5
Bxb5 16. cxb5 Bh6 17. Qc2 Nb6 18. Bxb6 cxb6 19. Ra6 Rc8 20. Qa2 Rc5 21. Nd2 Nc8
22. Nc4 f5 23. exf5 gxf5 24. Ne3 Qc7 25. Bd3 e4 26. Bb1 Rc3 27. Ra3 Qc5 28. Rxc3
Qxc3 29. Qe2 Qe5 30. Rc1 Bf4 31. g3 Bxe3 32. fxe3 Ne7 33. Qh5 Qb2 34. Rf1 Qc3
35. Qg5+ Qg7 36. Qf4 Qf6 37. Rc1 Ng6 38. Qf2 Ne5 39. Kg2 Nf3 40. Rc6 Ra8 41. h4
Ra1 42. Qc2 Ne1+ 0-1

[Event "Euro Online U2300 Day 2"]
[Site "chess.com INT"]
[Date "2020.05.26"]
[Round "6"]
[White "Krayz, Alexander"]
[Black "Caglar, Ahmet Ata"]
[Result "1-0"]
[WhiteTitle "IM"]
[WhiteElo "2350"]
[BlackElo "2077"]
[WhiteFideId "2802066"]
[BlackFideId "6328636"]
[EventDate "2020.05.26"]

1. e4 c5 2. Nf3 Nc6 3. Bb5 g6 4. O-O Bg7 5. c3 Nf6 6. e5 Nd5 7. d4 cxd4 8. cxd4
O-O 9. Nc3 Nc7 10. Ba4 d5 11. h3 Bf5 12. Be3 Rc8 13. Qd2 Na5 14. Qe2 Nc4 15. Bf4
Ne6 16. Bh2 Qa5 17. Bb3 Rfd8 18. g4 Bd3 19. Qxd3 Nxb2 20. Qe2 Qxc3 21. Rac1 Qxc1
22. Rxc1 Rxc1+ 23. Kg2 Nc4 24. h4 b5 25. Qd3 b4 26. Ng1 Rc3 27. Qd1 Nb6 28. Ne2
Rc7 29. f4 a5 30. f5 Nf8 31. e6 Rc6 32. exf7+ Kxf7 33. Nf4 gxf5 34. gxf5 Kg8 35.
Nxd5 Nxd5 36. Bxd5+ Rxd5 37. Qb3 e6 38. fxe6 Nxe6 39. Qxd5 Ra6 40. Qc4 Rb6 41.
Bc7 1-0

[Event "Euro Online U2300 Day 2"]
[Site "chess.com INT"]
[Date "2020.05.26"]
[Round "6"]
[White "Tereladze, Sopiko"]
[Black "Sedina, Elena"]
[Result "1/2-1/2"]
[WhiteTitle "WIM"]
[BlackTitle "IM"]
[WhiteElo "2141"]
[BlackElo "2299"]
[WhiteFideId "13600486"]
[BlackFideId "812153"]
[EventDate "2020.05.26"]

1. e4 e6 2. d4 d5 3. Nd2 c5 4. exd5 exd5 5. Ngf3 Nc6 6. dxc5 Bxc5 7. Nb3 Bb6 8.
Be2 Nf6 9. O-O O-O 10. Bf4 Re8 11. h3 h6 12. Bd3 Ne4 13. c3 Qf6 14. Qc1 g5 15.
Be3 Bxh3 16. Bxb6 axb6 17. Bxe4 dxe4 18. Nxg5 Bxg2 19. Kxg2 hxg5 20. Qe3 Rad8
21. Rad1 Qf5 22. Qg3 Qe5 23. Qxe5 Nxe5 24. Rxd8 Rxd8 25. Nd4 Nd3 26. Kg3 Rd5 27.
b3 f5 28. Ne6 g4 29. Nf4 Nxf4 30. Kxf4 Kf7 31. c4 Rd2 32. Kxf5 Rxa2 33. Kxe4 Rb2
34. Rg1 Rxb3 35. Rxg4 Rb4 36. Kd5 b5 37. Rf4+ Kg6 38. Kc5 Rxc4+ 39. Rxc4 bxc4
40. Kxc4 Kf5 41. Kb5 Ke4 42. Kb6 Kf3 43. Kxb7 Kxf2 1/2-1/2

[Event "Euro Online U2300 Day 2"]
[Site "chess.com INT"]
[Date "2020.05.26"]
[Round "6"]
[White "Hansen, Carsten"]
[Black "Pedersen, Henrik Dahl"]
[Result "1/2-1/2"]
[WhiteTitle "FM"]
[WhiteElo "2270"]
[BlackElo "2225"]
[WhiteFideId "1400444"]
[BlackFideId "1404199"]
[EventDate "2020.05.26"]

1. Nf3 c5 2. c4 Nf6 3. g3 b6 4. Bg2 Bb7 5. O-O e6 6. Nc3 Be7 7. d4 cxd4 8. Qxd4
O-O 9. Rd1 Qc8 10. Ng5 Bxg2 11. Kxg2 Nc6 12. Qd2 Rd8 13. Nge4 Nxe4 14. Nxe4 d5
15. cxd5 Rxd5 16. Qc2 Nb4 17. Qxc8+ Rxc8 18. Bd2 Rcd8 19. Bxb4 Bxb4 20. Rxd5
exd5 21. Rd1 f6 22. a3 Be7 23. Nc3 Rc8 24. Nxd5 Bf8 25. Rd2 Kf7 26. e4 g5 27. f4
gxf4 28. gxf4 Ke6 29. Kf3 f5 30. e5 Rc1 31. Nf6 Rf1+ 32. Rf2 Rc1 33. Nxh7 Be7
34. Rg2 Rf1+ 35. Kg3 b5 36. h4 a5 37. Ng5+ Kd5 38. h5 Bxg5 39. fxg5 f4+ 40. Kg4
f3 41. Rd2+ Ke4 42. e6 Rg1+ 43. Kh3 Rxg5 44. e7 Rxh5+ 45. Kg4 Re5 46. Kg3 Ke3
47. Rf2 Rxe7 48. Rxf3+ Kd2 49. Rf5 Rb7 50. Rc5 Kd3 51. Kf4 Kd4 52. b4 axb4 53.
axb4 Rf7+ 54. Kg5 Rf1 55. Rxb5 Rb1 56. Rb8 Kc4 57. Rc8+ Kb5 58. Rb8+ Kc4 59.
Rc8+ Kb5 60. Rb8+ Kc4 1/2-1/2

[Event "Euro Online U2300 Day 2"]
[Site "chess.com INT"]
[Date "2020.05.26"]
[Round "6"]
[White "Tymrakiewicz, Rafal"]
[Black "Mirimanian, Hayk"]
[Result "1-0"]
[WhiteTitle "FM"]
[BlackTitle "FM"]
[WhiteElo "2253"]
[BlackElo "2268"]
[WhiteFideId "1108832"]
[BlackFideId "4700180"]
[EventDate "2020.05.26"]

1. d4 d5 2. Bf4 Nf6 3. e3 c5 4. Nf3 Nc6 5. c3 Qb6 6. Qb3 c4 7. Qc2 Bf5 8. Qc1
Nh5 9. Nbd2 Nxf4 10. exf4 e6 11. Be2 Qc7 12. Nf1 Bd6 13. g3 O-O 14. Ne3 Be4 15.
O-O b5 16. a3 a5 17. Ne5 Rfb8 18. f3 Bg6 19. Bd1 b4 20. a4 Ra6 21. Nxg6 hxg6 22.
Rf2 Qa7 23. h4 Be7 24. Ng4 bxc3 25. bxc3 Rab6 26. Rh2 Qb7 27. Bc2 Bf6 28. Nxf6+
gxf6 29. h5 f5 30. g4 Ne7 31. Qe1 Kg7 32. hxg6 Nxg6 33. gxf5 exf5 34. Bxf5 Rf6
35. Bxg6 Rxg6+ 36. Kh1 Rh8 37. Ra2 Rxh2+ 38. Rxh2 Re6 39. Qg1+ Kf8 40. f5 Rf6
41. Rh8+ Ke7 42. Qe3+ Kd7 43. Qe8+ Kd6 44. Qd8+ 1-0

[Event "Euro Online U2300 Day 2"]
[Site "chess.com INT"]
[Date "2020.05.26"]
[Round "6"]
[White "Boykov, Pavel"]
[Black "Gallasch, Jonas"]
[Result "1/2-1/2"]
[WhiteElo "1788"]
[BlackElo "2090"]
[WhiteFideId "24299278"]
[BlackFideId "16222474"]
[EventDate "2020.05.26"]

1. e4 c5 2. Nf3 Nc6 3. c3 d5 4. exd5 Qxd5 5. Na3 Bf5 6. d4 Nf6 7. Be3 cxd4 8.
Nb5 O-O-O 9. Nbxd4 Bg4 10. Be2 e5 11. Nxc6 Qxc6 12. Qb3 Be6 13. Qc2 Bd6 14. O-O
Kb8 15. Rfd1 Bc7 16. b4 Bc4 17. Bxc4 Qxc4 18. Nd2 Qd3 19. Qa4 Bb6 20. Bxb6 axb6
21. Qb3 Qd5 22. Nc4 Qe6 23. Re1 e4 24. Ne3 Qxb3 25. axb3 Rd3 26. Rac1 Rc8 27. c4
Rxb3 28. b5 Rd3 29. g4 Nd7 30. Nd5 Ne5 31. Rxe4 Rxd5 32. cxd5 Rxc1+ 33. Kg2 Nd7
34. Re7 Kc7 35. Rxf7 Rc5 36. Rxg7 Rxd5 37. Rxh7 Rxb5 38. Re7 Kd6 39. Re3 Nf6 40.
f3 Rb2+ 41. Kg3 Nd5 42. Rd3 Ke5 43. h4 b5 44. h5 Rg2+ 45. Kh4 Rh2+ 46. Kg5 b4
47. h6 Nc7 48. Rb3 Ne6+ 49. Kg6 Nf4+ 50. Kh7 Nd5 51. g5 Kf5 52. g6 Nf6+ 53. Kg7
Rg2 54. h7 Rxg6+ 55. Kf7 Nxh7 56. Rxb4 Ng5+ 57. Ke8 Rg7 58. Kd8 Ke6 59. Kc8 Kd6
60. Rb6+ Kc5 61. Rxb7 Rg8+ 62. Kd7 Nxf3 63. Rc7+ Kd5 64. Rc1 Ne5+ 65. Ke7 Rg6
66. Rd1+ Kc5 67. Rc1+ Kd4 68. Rd1+ Nd3 69. Kf7 Rd6 70. Ke7 Ra6 71. Rf1 Ke4 72.
Rh1 Nf4 73. Re1+ Kf5 74. Rb1 Ng6+ 75. Kd7 Ne5+ 76. Kc7 Ke6 77. Rb6+ Rxb6 78.
Kxb6 1/2-1/2

[Event "Euro Online U2300 Day 2"]
[Site "chess.com INT"]
[Date "2020.05.26"]
[Round "6"]
[White "Terbe, Julianna"]
[Black "Korneevets, Alexander"]
[Result "1-0"]
[WhiteTitle "WIM"]
[BlackTitle "IM"]
[WhiteElo "2273"]
[BlackElo "2267"]
[WhiteFideId "708780"]
[BlackFideId "13500180"]
[EventDate "2020.05.26"]

1. e4 e6 2. d4 d5 3. Nd2 a6 4. Bd3 c5 5. exd5 Qxd5 6. Ngf3 cxd4 7. O-O Nc6 8.
Be4 Qd7 9. Bxc6 bxc6 10. Nc4 Bc5 11. Nfe5 Qd5 12. Qg4 Kf8 13. b3 Nf6 14. Qh4 Be7
15. Bg5 c5 16. Rfe1 Bb7 17. f3 Rd8 18. Nb6 Qd6 19. Nbc4 Qc7 20. Bf4 Nd5 21. Qg3
Nxf4 22. Qxf4 Bd6 23. Nxd6 Rxd6 24. Nxf7 Qxf7 25. Qxd6+ Qe7 26. Qf4+ Kg8 27. Re5
Bd5 28. Rae1 Qf7 29. Qh4 Qf6 30. Qg3 Kf7 31. f4 g6 32. c4 dxc3 33. Qxc3 Rc8 34.
Qa5 Rc6 35. Qa4 Kg7 36. b4 c4 37. b5 axb5 38. Qxb5 c3 39. Qb7+ Kh6 40. R5e3 Qxf4
41. Rh3+ Kg5 42. Qe7+ Kf5 43. Qf7+ Kg5 44. Rg3+ 1-0

[Event "Euro Online U2300 Day 2"]
[Site "chess.com INT"]
[Date "2020.05.26"]
[Round "6"]
[White "Tomilova, Elena"]
[Black "Lund, Terje"]
[Result "1-0"]
[WhiteTitle "WGM"]
[WhiteElo "2353"]
[BlackElo "2104"]
[WhiteFideId "4162340"]
[BlackFideId "1504754"]
[EventDate "2020.05.26"]

1. d4 Nf6 2. Nf3 e6 3. e3 b6 4. Bd3 Bb7 5. O-O d5 6. c4 Nbd7 7. cxd5 exd5 8. b3
Bd6 9. Ba3 c5 10. Nc3 a6 11. Rc1 O-O 12. dxc5 bxc5 13. Na4 Qe7 14. Bb1 Rac8 15.
Bf5 Rc7 16. Bb2 Re8 17. Re1 Ne5 18. Nxe5 Bxe5 19. Bxe5 Qxe5 20. Bb1 c4 21. Qd4
Qh5 22. Nc5 cxb3 23. axb3 Bc8 24. Ne4 Ng4 25. h3 Rxc1 26. Rxc1 dxe4 27. hxg4
Qxg4 28. Bxe4 g6 29. Bc6 Rf8 30. Qb6 Be6 31. b4 Qe2 32. Bf3 Qd2 33. Rd1 Qb2 34.
Bb7 Bc4 35. Qc5 Bb5 36. Qd6 Qc2 37. Rd4 Qc1+ 38. Kh2 Re8 39. Rf4 Qc3 40. Bd5 Rf8
41. Qe7 Be8 42. e4 Qd2 43. g3 h6 44. Rf6 Kg7 45. Qe5 Kg8 46. Rxg6+ Kh7 47. Qg7# 1-0

[Event "Euro Online U2300 Day 2"]
[Site "chess.com INT"]
[Date "2020.05.26"]
[Round "6"]
[White "Nalbant, Tuna Onat"]
[Black "Vardanyan, Aras"]
[Result "1-0"]
[WhiteTitle "IM"]
[WhiteElo "2372"]
[BlackElo "2178"]
[WhiteFideId "6372821"]
[BlackFideId "12808792"]
[EventDate "2020.05.26"]

1. Nf3 Nf6 2. g3 g6 3. Bg2 Bg7 4. O-O O-O 5. d3 c5 6. Nbd2 Nc6 7. e4 d6 8. c3
Rb8 9. a4 a6 10. Nc4 b5 11. axb5 axb5 12. Ne3 b4 13. Nd2 bxc3 14. bxc3 Nd7 15.
Ra3 Nb6 16. f4 Qd7 17. f5 Bb7 18. Ndc4 Nxc4 19. Nxc4 Ne5 20. Nxe5 dxe5 21. Be3
Rfd8 22. fxg6 hxg6 23. Bxc5 Qxd3 24. Qxd3 Rxd3 25. Bxe7 Rd2 26. Bg5 Re2 27. Bf3
Rb2 28. Rc1 Kf8 29. c4 Ke8 30. c5 Bc6 31. Ra7 Bf8 32. Rc7 Rb1 33. Rxc6 Rxc1+ 34.
Bxc1 Rb1 35. Rc8+ Ke7 36. c6 Rxc1+ 37. Kg2 f5 38. c7 Kf7 39. exf5 Bd6 40. fxg6+
Kg7 41. Be4 Rxc7 42. Rxc7+ Bxc7 43. Kf3 Kf6 44. h4 Ba5 45. Kg4 Be1 46. Kh5 Bb4
47. g4 Bf8 48. g5+ Ke6 49. g7 Bxg7 50. Kg6 Bf8 51. h5 1-0

[Event "Euro Online U2300 Day 2"]
[Site "chess.com INT"]
[Date "2020.05.26"]
[Round "6"]
[White "Sjoberg, Isak"]
[Black "Krivenko, Sergey"]
[Result "0-1"]
[WhiteElo "2189"]
[BlackElo "2279"]
[WhiteFideId "1521640"]
[BlackFideId "24124753"]
[EventDate "2020.05.26"]

1. e4 e6 2. d4 d5 3. Nd2 Nf6 4. e5 Nfd7 5. c3 c5 6. f4 Nc6 7. Ndf3 Rb8 8. Bd3 b5
9. Ne2 g6 10. O-O Qb6 11. Kh1 b4 12. c4 dxc4 13. Bxc4 Ba6 14. Bxa6 Qxa6 15. Be3
cxd4 16. Nexd4 Nxd4 17. Nxd4 Bc5 18. Qd2 O-O 19. Nc2 Rfd8 20. Qf2 Bf8 21. Bxa7
Rbc8 22. Be3 Qd3 23. Nd4 Nc5 24. Rfd1 Qa6 25. Qf3 Na4 26. Rd2 Nb6 27. Bg1 Nc4
28. Rc2 Nb6 29. Nc6 Nd5 30. Nxd8 Rxc2 31. f5 gxf5 32. Qh5 Rc7 33. Rc1 Rd7 34. h3
Bg7 35. Qg5 h6 36. Qh4 Kh7 37. Nc6 Qxa2 38. Nxb4 Qxb2 39. Nd3 Qd2 40. Qc4 Rc7
41. Rc2 Qd1 0-1

[Event "Euro Online U2300 Day 2"]
[Site "chess.com INT"]
[Date "2020.05.26"]
[Round "6"]
[White "Stabulnieks, Klavs"]
[Black "Ponce Cano, Adrian"]
[Result "0-1"]
[BlackTitle "FM"]
[WhiteElo "2204"]
[BlackElo "2169"]
[WhiteFideId "11603984"]
[BlackFideId "22296913"]
[EventDate "2020.05.26"]

1. d4 d5 2. c4 e6 3. Nc3 c6 4. Nf3 dxc4 5. g3 Bb4 6. Bg2 Nf6 7. O-O Nbd7 8. a4
a5 9. Qc2 O-O 10. Na2 c5 11. Rd1 Re8 12. Qxc4 h6 13. dxc5 Bxc5 14. Nc3 Qb6 15.
e3 Nf8 16. Nb5 e5 17. Bd2 Be6 18. Qc2 Rac8 19. Bc3 e4 20. Nfd4 Bd7 21. Rac1 Bb4
22. Qd2 Bxc3 23. Rxc3 Rxc3 24. Nxc3 Qb4 25. Qc2 Rc8 26. Qb3 Rc4 27. Qxb4 Rxb4
28. b3 Be6 29. Nxe4 Bxb3 30. Nxf6+ gxf6 31. Nxb3 Rxb3 32. Rd5 b6 33. Rd6 Kg7 34.
Bc6 Ne6 35. Bb5 Nc5 36. Kf1 Rb4 37. Rd4 Rb1+ 38. Kg2 Rb4 39. Kf3 Kg6 40. h4 h5
41. g4 hxg4+ 42. Rxg4+ Kh6 43. Rd4 Kg6 44. Kg4 Ne6 45. Rc4 Nc5 46. f3 Rxc4+ 47.
Bxc4 Nxa4 48. h5+ Kg7 49. Kf5 Nb2 50. Bb5 a4 51. Bc6 a3 52. Bd5 b5 53. Ba2 Nd1
54. h6+ Kxh6 55. Bxf7 Kg7 0-1

[Event "Euro Online U2300 Day 2"]
[Site "chess.com INT"]
[Date "2020.05.26"]
[Round "6"]
[White "Yanev, Pavel"]
[Black "Taspinar, Yanki"]
[Result "0-1"]
[BlackTitle "CM"]
[WhiteElo "2267"]
[BlackElo "2178"]
[WhiteFideId "2910756"]
[BlackFideId "34561188"]
[EventDate "2020.05.26"]

1. e4 e5 2. f4 d5 3. exd5 exf4 4. Nf3 Nf6 5. Nc3 Nxd5 6. Bb5+ c6 7. Qe2+ Be7 8.
Nxd5 Qxd5 9. Bc4 Qd6 10. d4 O-O 11. O-O Bf6 12. c3 c5 13. Ne5 cxd4 14. Bxf4 Qc5
15. cxd4 Qxd4+ 16. Kh1 Be6 17. Bxe6 fxe6 18. Rad1 Qb6 19. Nc4 Qa6 20. Rd6 Nc6
21. b3 e5 22. Be3 Rad8 23. Rxd8 Rxd8 24. Qg4 Nd4 25. Bg5 Qe6 26. Qh5 Rf8 27. h3
g6 28. Qh4 Nf5 29. Rxf5 Qxf5 30. Bxf6 Qxf6 31. Qg3 Qf1+ 32. Kh2 Qf4 33. Nxe5
Qxg3+ 34. Kxg3 Re8 35. Kf4 Kg7 36. h4 h6 37. g4 Rd8 38. Ke3 Rd1 39. Nc4 Rh1 40.
Nd6 Rxh4 41. Kf3 Rh3+ 42. Ke4 b6 43. Nc8 Rh2 44. Nxa7 Rxa2 45. Kd5 h5 46. gxh5
gxh5 47. Ke4 h4 48. Nb5 h3 49. Nd6 h2 50. Nf5+ Kf6 0-1

[Event "Euro Online U2300 Day 2"]
[Site "chess.com INT"]
[Date "2020.05.26"]
[Round "6"]
[White "Sergeev, Nikita S."]
[Black "Ivanisvili, Andrejs"]
[Result "1-0"]
[WhiteElo "1335"]
[BlackElo "2233"]
[WhiteFideId "34253670"]
[BlackFideId "11601485"]
[EventDate "2020.05.26"]

1. d4 d5 2. Nf3 Nf6 3. Bf4 e6 4. e3 Bd6 5. Bg3 O-O 6. Bd3 b6 7. Nbd2 Bb7 8. c3
c5 9. Ne5 c4 10. Bc2 b5 11. a3 a5 12. Bh4 Be7 13. O-O Nbd7 14. f4 Ne4 15. Bxe7
Qxe7 16. Bxe4 dxe4 17. a4 Nxe5 18. fxe5 b4 19. Nxc4 Ba6 20. b3 bxc3 21. Qc2 Qb4
22. Rfc1 Bxc4 23. bxc4 Qxc4 24. Qxc3 Qxc3 25. Rxc3 Rfb8 26. Rac1 g5 27. g4 Rb4
28. Ra1 Rb2 29. Rc7 Re2 30. Rf1 Rf8 31. Rc3 Ra2 32. Rc4 Rb8 33. Rc7 Rf8 34. Rc4
Kg7 35. Rc7 Rxa4 36. d5 exd5 37. e6 Kg8 38. Rcxf7 Rxf7 39. Rxf7 d4 40. Rf5 Rb4
41. exd4 Rb8 42. Rxa5 Kf8 43. Rxg5 Rb2 44. Re5 Re2 45. d5 Ke7 46. d6+ Kxd6 47.
e7 1-0